[Event "European Cities & Towns Chess Championship - Women"]
[Site "Central Europe"]
[Date "2023.01.29"]
[Round "2.3.2"]
[White "Antoniou, Evalena"]
[Black "Tetenkina, Irina"]
[Result "0-1"]
[WhiteElo "1000"]
[BlackElo "2213"]
[BlackCountry "SE"]
[BlackFideId "13500996"]
[BlackTeam "Stockholm 2 - Sweden"]
[BlackTitle "WIM"]
[WhiteCountry "CY"]
[WhiteFideId "5908744"]
[WhiteTeam "Nicosia"]

1. e4 e6 2. Nf3 d5 3. exd5 exd5 4. Nc3 Nf6 5. d4 Be7 6. Bd3 c6 7. Bf4 Bg4 
8. h3 Bh5 9. g4 Bg6 10. Qe2 Nbd7 11. O-O-O O-O 12. h4 Re8 13. h5 Bxd3 14. 
Qxd3 Nxg4 15. Ng5 Bxg5 16. Ne2 Bxf4+ 17. Nxf4 Nxf2 18. Qf1 Nxd1 19. Qxd1 
Qg5 20. Qd2 Nf6 21. Rf1 Re4 22. c3 Rae8 23. h6 Qxh6 24. a3 Nh5 25. Qd1 
Nxf4 26. Qd2 Nd3+ 27. Kc2 Re2 28. Rd1 Rxd2+ 29. Rxd2 Ne1+ 30. Kd1 Qh5+ 31.
 Kc1 Re2 32. Kd1 Rxd2+ 33. Kxd2 Ng2 34. Kc2 Qe2+ 35. Kb3 Ne3 36. Kb4 Qc4+ 
37. Ka5 b6# 0-1

[Event "European Cities & Towns Chess Championship - Women"]
[Site "Central Europe"]
[Date "2023.01.29"]
[Round "2.3.3"]
[White "Johansson, Viktoria"]
[Black "Drakoularakou, Evangelia"]
[Result "1-0"]
[WhiteElo "2042"]
[BlackElo "1000"]
[BlackTeam "Nicosia"]
[WhiteCountry "SE"]
[WhiteFideId "1701940"]
[WhiteTeam "Stockholm 2 - Sweden"]
[WhiteTitle "WIM"]

1. d4 e6 2. c4 d5 3. Nc3 Nf6 4. cxd5 exd5 5. Bg5 h6 6. Bf4 Nc6 7. e3 b6 8.
 Bb5 Qd7 9. Nf3 Bd6 10. Ne5 g5 11. Nxd7 Kxd7 12. Bxd6 cxd6 13. Qf3 a6 14. 
Bxc6+ Kxc6 15. Qxf6 Rf8 16. Rc1 b5 17. Ne4+ Kd7 18. Qxd6+ Ke8 19. Nf6# 1-0

[Event "European Cities & Towns Chess Championship - Women"]
[Site "Central Europe"]
[Date "2023.01.29"]
[Round "2.3.4"]
[White "Miltiadou, Danai"]
[Black "Andric, Jelena"]
[Result "0-1"]
[WhiteElo "1000"]
[BlackElo "1967"]
[BlackCountry "SE"]
[BlackFideId "919853"]
[BlackTeam "Stockholm 2 - Sweden"]
[BlackTitle "WFM"]
[WhiteCountry "CY"]
[WhiteFideId "5906865"]
[WhiteTeam "Nicosia"]

1. e4 e6 2. d4 b6 3. Nc3 Bb7 4. Bc4 Bb4 5. Bd2 Bxc3 6. Bxc3 Bxe4 7. Nf3 d5
8. Bb5+ c6 9. Bd3 Nf6 10. Qe2 O-O 11. O-O Nbd7 12. Ng5 Bxd3 13. Qxd3 h6 
14. Nf3 Ne4 15. Bd2 Nxd2 16. Qxd2 c5 17. Ne5 cxd4 18. Nxd7 Qxd7 19. Qxd4 
Rac8 20. c3 Rc4 21. Qd3 Qc7 22. h3 Rc8 23. Rac1 d4 24. b3 Rxc3 25. Rxc3 
Qxc3 26. Qxc3 dxc3 27. Rc1 b5 28. b4 Rc4 29. a3 c2 30. Kf1 Rc3 31. Ke1 
Rxa3 32. Rxc2 Rb3 33. Ra2 Rxb4 34. Rxa7 g5 35. Rb7 Kg7 36. Kd2 Rb2+ 37. 
Ke3 Kg6 38. g3 b4 39. f3 b3 40. Kd3 Rg2 41. Rxb3 Rxg3 42. Ke4 Rxh3 43. Re3
g4 44. f4 Rxe3+ 45. Kxe3 Kf5 46. Kf2 Kxf4 47. Kg2 h5 48. Kf2 h4 49. Kg2 g3
50. Kg1 h3 51. Kf1 g2+ 52. Kg1 Kf3 53. Kh2 Kf2 54. Kxh3 g1=Q 55. Kh4 Qg6 
56. Kh3 Qh5# 0-1

[Event "European Cities & Towns Chess Championship - Women"]
[Site "Central Europe"]
[Date "2023.01.29"]
[Round "2.4.1"]
[White "Lehaci, Miruna-Daria"]
[Black "Reizniece-Ozola, Dana"]
[Result "1-0"]
[WhiteElo "2154"]
[BlackElo "2265"]
[BlackCountry "LV"]
[BlackFideId "11601124"]
[BlackTeam "Kuldiga CC - Latvia"]
[BlackTitle "WGM"]
[WhiteCountry "RO"]
[WhiteFideId "1234765"]
[WhiteTeam "Iasi"]
[WhiteTitle "WIM"]

1. e4 g6 2. d4 Bg7 3. Nf3 d6 4. Nc3 Nf6 5. Be2 O-O 6. O-O c6 7. a4 Nbd7 8.
 h3 e5 9. dxe5 dxe5 10. Be3 Qc7 11. Qd2 Re8 12. Rfd1 Nh5 13. a5 Nf4 14. 
Bc4 Nf8 15. Qd6 Qxd6 16. Rxd6 N8e6 17. g3 Nxh3+ 18. Kg2 Nd4 19. Nxd4 exd4 
20. Bxd4 Bf8 21. Rf6 Ng5 22. Be3 Ne6 23. Rd1 Be7 24. Rf3 Rd8 25. Rh1 Bd7 
26. Ne2 c5 27. Nc3 Bc6 28. Nd5 Rd7 29. Nxe7+ Rxe7 30. Bd5 Bxd5 31. exd5 
Nd4 32. Bxd4 cxd4 33. Rh4 Rc8 34. Rxd4 Rxc2 35. d6 Rd7 36. b4 Rc6 37. Rfd3
a6 38. Rd5 Kg7 39. b5 axb5 40. Rxb5 Ra6 41. Rdd5 Kf6 42. f4 Ke6 43. Kf3 
Raxd6 44. Re5+ Kf6 45. Kg4 h5+ 46. Kh3 Ra6 47. Rec5 Ke7 48. Rc4 Kd8 49. 
Rcb4 Kc8 50. Kh4 Rc6 51. Kg5 Kb8 52. f5 Kc8 53. f6 Kb8 54. Rb6 Rxb6 55. 
axb6 Kc8 56. Re4 Kd8 57. Kh6 Rd6 58. Kg7 Rxb6 59. Kxf7 g5 60. Kg7 h4 61. 
gxh4 Rxf6 62. Kxf6 gxh4 63. Rxh4 Kd7 64. Ke5 1-0

[Event "European Cities & Towns Chess Championship - Women"]
[Site "Central Europe"]
[Date "2023.01.29"]
[Round "2.4.2"]
[White "Krumina, Linda"]
[Black "Obada, Ema"]
[Result "1/2-1/2"]
[WhiteElo "2073"]
[BlackElo "2106"]
[BlackCountry "RO"]
[BlackFideId "1234803"]
[BlackTeam "Iasi"]
[BlackTitle "WCM"]
[WhiteCountry "LV"]
[WhiteFideId "11601701"]
[WhiteTeam "Kuldiga CC - Latvia"]
[WhiteTitle "WFM"]

1. d4 Nf6 2. Nf3 e6 3. e3 c5 4. Bd3 b6 5. Nbd2 d5 6. b3 Bb7 7. Bb2 Bd6 8. 
O-O O-O 9. Ne5 Nc6 10. a3 Rc8 11. f4 Ne7 12. Qf3 Rc7 13. g4 Qa8 14. Qh3 
Ne4 15. Bxe4 dxe4 16. Ndc4 Bxe5 17. dxe5 Ba6 18. f5 Bxc4 19. bxc4 Rd8 20. 
f6 Ng6 21. Rad1 Rcd7 22. Rxd7 Rxd7 23. Bc3 Qd8 24. Qg2 Qa8 25. Qf2 Qc6 26.
 h4 Qa4 27. h5 Qxc4 28. hxg6 Qxc3 29. gxh7+ Kh8 30. fxg7+ Kxh7 31. Qh4+ 
Kxg7 32. Qg5+ Kf8 33. Qh6+ Ke8 34. Qh8+ Ke7 35. Qf6+ Ke8 36. Qh8+ Ke7 37. 
Qf6+ Ke8 38. Qh8+ 1/2-1/2

[Event "European Cities & Towns Chess Championship - Women"]
[Site "Central Europe"]
[Date "2023.01.29"]
[Round "2.4.3"]
[White "Andries, Alexia"]
[Black "Maklakova, Nellija"]
[Result "1-0"]
[WhiteElo "1567"]
[BlackElo "1817"]
[BlackCountry "LV"]
[BlackFideId "11603470"]
[BlackTeam "Kuldiga CC - Latvia"]
[WhiteCountry "RO"]
[WhiteFideId "1267272"]
[WhiteTeam "Iasi"]

1. d4 d5 2. c4 Nf6 3. Nc3 e6 4. Nf3 Bb4 5. e3 Ne4 6. Qc2 O-O 7. Bd3 f5 8. 
a3 Be7 9. O-O c6 10. Ne1 Nd7 11. f3 Nxc3 12. bxc3 Nf6 13. a4 Kh8 14. Ba3 
g5 15. Bxe7 Qxe7 16. e4 dxe4 17. fxe4 Ng4 18. Qe2 Nh6 19. exf5 Bd7 20. Nc2
Rae8 21. Qe5+ Qf6 22. Qxf6+ Rxf6 23. fxe6 Rxf1+ 24. Rxf1 Rxe6 25. Rf8+ Kg7
26. Rb8 b6 27. Rb7 Re7 28. Rxa7 Kf6 29. Rb7 Ng4 30. h3 Ne3 31. Nxe3 Rxe3 
32. Bxh7 Be8 33. Rxb6 Rxc3 34. Rb4 Bf7 35. a5 Bxc4 36. Rb6 Bd5 37. a6 Ra3 
38. Bb1 Ke6 39. Kf2 Kd6 40. Kg1 Bc4 41. Be4 Bb5 42. d5 Kc5 43. Rb8 cxd5 
44. Bxd5 Bxa6 45. Bf3 Bc4 46. Rc8+ Kd4 47. Rd8+ Ke5 48. Rc8 Be6 49. Rc5+ 
Kf4 50. Kh2 Re3 51. Rb5 g4 52. Rb4+ Kg5 53. Bxg4 Bxg4 54. Rxg4+ Kh5 55. 
Rf4 Kg5 56. Ra4 Kh5 57. Kg1 Re2 58. Kf1 Rc2 59. Kg1 Rd2 60. Kh2 Rd3 61. 
Ra8 Rc3 62. g4+ Kh4 63. Rh8+ Kg5 64. Rh5+ Kg6 65. Rf5 Rd3 66. Kg2 Rc3 67. 
Rf3 Rc2+ 68. Kg3 Rc1 69. h4 Rg1+ 70. Kf4 Rb1 71. h5+ Kh6 72. Rf2 Rb3 73. 
Re2 Rb1 74. Re6+ Kg7 75. Kg5 Rb5+ 76. Kh4 Rb7 77. Rg6+ Kh7 78. Rf6 Rc7 79.
 h6 Rd7 80. Kh5 Rc7 81. g5 Rc1 82. g6+ Kg8 83. h7+ Kh8 84. Rf8+ Kg7 85. 
h8=Q# 1-0

[Event "European Cities & Towns Chess Championship - Women"]
[Site "Central Europe"]
[Date "2023.01.29"]
[Round "2.4.4"]
[White "Kane, Marta"]
[Black "Cretu, Sofia"]
[Result "1-0"]
[WhiteElo "1836"]
[BlackElo "1221"]
[BlackCountry "RO"]
[BlackFideId "1283790"]
[BlackTeam "Iasi"]
[Termination "time forfeit"]
[WhiteCountry "LV"]
[WhiteFideId "11603569"]
[WhiteTeam "Kuldiga CC - Latvia"]

1. d4 d5 2. Nf3 Nf6 3. Bf4 c6 4. c3 e6 5. e3 Bd6 6. Bg3 O-O 7. Bd3 Bxg3 8.
 hxg3 h6 9. Nbd2 Nbd7 10. Qc2 Qc7 11. O-O-O e5 12. dxe5 Nxe5 13. Nxe5 Qxe5
14. Nf3 Qd6 15. e4 dxe4 16. Bxe4 Qc7 17. Bd3 Be6 18. Kb1 Rfd8 19. Nd4 Bc8 
20. Rde1 Qd6 21. Bc4 c5 22. Nf3 a6 23. Rd1 Qc7 24. Rxd8+ Qxd8 25. Rd1 Qe7 
26. Re1 Qd8 27. Ne5 Be6 28. Bxe6 fxe6 29. Qb3 Qd6 30. Qxb7 Rf8 31. Qc6 
Qxc6 32. Nxc6 Re8 33. Kc2 Kf7 34. Ne5+ Ke7 35. Nd3 Rc8 36. Nf4 Rc6 37. f3 
Kf7 38. Nd3 Ke7 39. Ne5 Rc7 40. g4 g5 41. g3 c4 42. f4 Nd5 43. Ng6+ Kf7 
44. f5 exf5 45. gxf5 Kf6 46. g4 Rd7 47. Re6+ Kf7 48. Ne5+ Kf8 49. Nxd7+ 
Kg8 50. Rxh6 1-0

[Event "European Cities & Towns Chess Championship - Women"]
[Site "Central Europe"]
[Date "2023.01.29"]
[Round "2.5.1"]
[White "Caku, Kler"]
[Black "Can, Isil"]
[Result "0-1"]
[WhiteElo "1656"]
[BlackElo "2007"]
[BlackCountry "TR"]
[BlackFideId "34505733"]
[BlackTeam "Istanbul"]
[BlackTitle "WCM"]
[Termination "time forfeit"]
[WhiteCountry "AL"]
[WhiteFideId "4704703"]
[WhiteTeam "TEUTA - Durres Albania"]

1. e4 e5 2. Nf3 Nc6 3. d4 exd4 4. Nxd4 Bc5 5. Be3 Qf6 6. c3 Nge7 7. Be2 b6
8. O-O Bb7 9. Bf3 Ne5 10. Nd2 a6 11. Qe2 g5 12. Bh5 N7g6 13. Bxg6 hxg6 14.
 f4 gxf4 15. Rxf4 Qe7 16. Raf1 O-O-O 17. b4 Bd6 18. g3 Rh7 19. R4f2 Rdh8 
20. Bf4 f6 21. a4 Kb8 22. Rb1 g5 23. Nf5 Qe6 24. Bxe5 Bxe5 25. Qd3 Rd8 26.
 c4 Re8 27. a5 Ka7 28. axb6+ cxb6 29. c5 b5 30. Ne3 Qc6 31. Nd5 Qe6 32. 
Rb3 f5 33. Rxf5 Bxd5 34. Qxd5 Qxd5 35. exd5 Bd4+ 36. Kf1 Rxh2 37. Nf3 Rh1+
38. Kg2 Reh8 39. Nxd4 R8h2+ 40. Kf3 Rd1 41. Ne2 g4+ 42. Kxg4 Rxe2 43. d6 
Rd4+ 44. Kg5 Ree4 0-1

[Event "European Cities & Towns Chess Championship - Women"]
[Site "Central Europe"]
[Date "2023.01.29"]
[Round "2.5.2"]
[White "Onur, Cigdem"]
[Black "Paja, Valdete"]
[Result "1-0"]
[WhiteElo "1922"]
[BlackElo "1257"]
[BlackCountry "AL"]
[BlackFideId "4707761"]
[BlackTeam "TEUTA - Durres Albania"]
[Termination "time forfeit"]
[WhiteCountry "TR"]
[WhiteFideId "6346030"]
[WhiteTeam "Istanbul"]
[WhiteTitle "WCM"]

1. e4 e6 2. d4 c5 3. Nf3 a6 4. d5 d6 5. a4 h6 6. Nc3 Nf6 7. Bc4 Be7 8. 
dxe6 fxe6 9. e5 Ng4 10. h3 Nxe5 11. Nxe5 dxe5 12. Qh5+ Kf8 13. Qxe5 Bf6 
14. Qxc5+ Be7 15. Qe3 Qd6 16. O-O Bf6 17. Ne4 Qe5 18. Nxf6 Qxf6 19. Qc5+ 
Kf7 20. Re1 Nc6 21. Ra3 Ke8 22. Rf3 Qd4 23. Qh5+ Ke7 24. Qf7+ Kd6 25. Rd3 
Kc5 26. Rxd4 Nxd4 27. Be3 Kxc4 28. Bxd4 Kxd4 29. Qxg7+ Kd5 30. Rd1+ Kc6 
31. Qxh8 b6 32. Rd8 Bb7 33. Rxa8 Bxa8 34. Qxa8+ Kc5 35. c3 b5 36. axb5 1-0

[Event "European Cities & Towns Chess Championship - Women"]
[Site "Central Europe"]
[Date "2023.01.29"]
[Round "2.5.3"]
[White "Ndreko, Ailin"]
[Black "Hereklioglu, Sude"]
[Result "1-0"]
[WhiteElo "1256"]
[BlackElo "1911"]
[BlackCountry "TR"]
[BlackFideId "6359531"]
[BlackTeam "Istanbul"]
[BlackTitle "WFM"]
[WhiteCountry "AL"]
[WhiteFideId "4705807"]
[WhiteTeam "TEUTA - Durres Albania"]

1. e4 c5 2. f4 Nc6 3. Nf3 g6 4. Bb5 Bg7 5. Bxc6 bxc6 6. d3 e6 7. O-O Ne7 
8. Nc3 d5 9. exd5 cxd5 10. d4 cxd4 11. Nxd4 O-O 12. Be3 Bd7 13. Nce2 Rb8 
14. Rb1 Qa5 15. a3 Rfc8 16. Nb3 Qc7 17. Nc5 Bb5 18. a4 Bc4 19. b3 Bxe2 20.
 Qxe2 Qc6 21. c3 Nf5 22. Bf2 Bxc3 23. Rbc1 d4 24. Ne4 Rxb3 25. Nf6+ Kf8 
26. Nxh7+ Kg7 27. Ng5 Qd5 28. Qa6 Rc7 29. Qe2 Rb2 30. Qg4 Nh6 31. Qh3 Qf5 
32. Qf3 Rd7 33. Rfd1 Qd5 34. Rxc3 Qxf3 35. Nxf3 Nf5 36. Rcd3 Rb4 37. Nxd4 
Nxd4 38. Bxd4+ f6 39. Bxf6+ Kxf6 40. Rxd7 1-0

[Event "European Cities & Towns Chess Championship - Women"]
[Site "Central Europe"]
[Date "2023.01.29"]
[Round "2.6.1"]
[White "Tsapaki, Asimenia"]
[Black "Stefanidi, Maria-Anna"]
[Result "0-1"]
[WhiteElo "1498"]
[BlackElo "1955"]
[BlackCountry "GR"]
[BlackFideId "4207750"]
[BlackTeam "Kallithea - Athens"]
[BlackTitle "WFM"]
[WhiteCountry "GR"]
[WhiteFideId "25845365"]
[WhiteTeam "Heraklion Women"]

1. e4 c5 2. Nf3 d6 3. d4 cxd4 4. Nxd4 Nf6 5. Nc3 g6 6. Be3 Bg7 7. Qd2 a6 
8. f3 b5 9. g4 Bb7 10. h4 h5 11. gxh5 Rxh5 12. Bg5 Nbd7 13. Be2 Qb6 14. 
Be3 Qc7 15. O-O-O Rc8 16. Rh2 b4 17. Nb1 d5 18. f4 Nxe4 19. Bxh5 Nxd2 20. 
Rdxd2 gxh5 21. Rhg2 Bf6 22. Rg8+ Nf8 23. f5 Kd7 24. Rdg2 Qe5 25. Re2 Qe4 
26. Nd2 Qh1+ 27. Rg1 Qxh4 28. N2f3 Qe4 29. Bf2 Qf4+ 30. Be3 Qc7 31. Rh1 e5
32. Nb3 d4 33. Bxd4 Bxf3 0-1

[Event "European Cities & Towns Chess Championship - Women"]
[Site "Central Europe"]
[Date "2023.01.29"]
[Round "2.6.2"]
[White "Tsouba, Maria"]
[Black "Kontogianni, Vasiliki (Vivian)"]
[Result "1-0"]
[WhiteElo "1672"]
[BlackElo "1442"]
[BlackCountry "GR"]
[BlackFideId "42106672"]
[BlackTeam "Heraklion Women"]
[WhiteCountry "GR"]
[WhiteFideId "4231643"]
[WhiteTeam "Kallithea - Athens"]

1. e4 c5 2. Nf3 g6 3. d4 cxd4 4. Nxd4 Nc6 5. Nc3 Bg7 6. Be3 d6 7. Qd2 Nf6 
8. f3 O-O 9. O-O-O a6 10. g4 Ne5 11. Be2 b5 12. h4 h5 13. gxh5 Nxh5 14. 
Rdg1 Nc4 15. Bxc4 bxc4 16. Bh6 Qb6 17. Bxg7 Kxg7 18. Nd5 Qb7 19. Qg5 Nf6 
20. h5 Rh8 21. h6+ Kh7 22. Nxf6+ exf6 23. Qxf6 Rg8 24. f4 Rb8 25. b3 cxb3 
26. axb3 Qc7 27. f5 Bb7 28. fxg6+ fxg6 29. Ne6 Qd7 30. Ng5# 1-0

[Event "European Cities & Towns Chess Championship - Women"]
[Site "Central Europe"]
[Date "2023.01.29"]
[Round "2.6.3"]
[White "Varveraki, Argiri"]
[Black "Zarkada, Athina"]
[Result "1-0"]
[WhiteElo "1404"]
[BlackElo "1219"]
[BlackCountry "GR"]
[BlackFideId "25890239"]
[BlackTeam "Kallithea - Athens"]
[WhiteCountry "GR"]
[WhiteFideId "4217667"]
[WhiteTeam "Heraklion Women"]

1. e4 c5 2. Nc3 d6 3. g3 Nc6 4. Bg2 Nf6 5. Nge2 Bg4 6. O-O Rc8 7. h3 Bd7 
8. f4 e6 9. d3 Be7 10. g4 h6 11. e5 dxe5 12. fxe5 Nd5 13. Nxd5 exd5 14. 
Bxd5 O-O 15. Ng3 b6 16. Qe1 Bg5 17. Bxg5 Qxg5 18. e6 Qxd5 19. exd7 Qxd7 
20. Qf2 Rce8 21. Rae1 Rxe1 22. Rxe1 Re8 23. Nf5 Rxe1+ 24. Qxe1 Nd4 25. Qf2
Nxf5 26. gxf5 Qd5 27. a3 Qe5 28. c3 Qd5 29. d4 cxd4 30. cxd4 Qe4 31. Kh2 
Kf8 32. Kg3 Qd3+ 33. Kg2 Qe4+ 34. Qf3 Qxf3+ 35. Kxf3 Ke7 36. Ke4 Kd6 37. 
b4 g6 38. f6 Ke6 39. a4 Kxf6 40. Kd5 g5 41. Kd6 h5 42. Kc7 g4 43. hxg4 
hxg4 44. d5 g3 45. d6 g2 46. d7 Kg7 47. d8=Q g1=Q 48. Qd6 Qc1+ 49. Kb7 Qc2
50. Qe5+ Kf8 51. Qd6+ Kg8 52. Qd8+ Kg7 53. Qd4+ f6 54. Qd7+ Kg6 55. Kxa7 
Qb3 56. Qe8+ Qf7+ 57. Qxf7+ Kxf7 58. Kxb6 f5 59. a5 f4 60. a6 f3 61. a7 f2
62. a8=Q f1=Q 63. Qb7+ Kg6 64. Qc6+ Kg7 65. Qd7+ Kh8 66. Qd4+ Kg8 67. Qd5+
Kh8 68. Qd4+ Kg8 69. Qd8+ Kg7 70. Qc7+ Kg8 71. b5 Qf2+ 72. Qc5 Qf6+ 73. 
Kb7 Qf7+ 74. Kb8 Qf4+ 75. Ka8 Qe4+ 76. Qc6 Qe8+ 77. Qxe8+ 1-0

[Event "European Cities & Towns Chess Championship - Women"]
[Site "Central Europe"]
[Date "2023.01.29"]
[Round "2.6.4"]
[White "Giannakopoulou, Sotiria"]
[Black "Papadimitriou, Argyro"]
[Result "0-1"]
[WhiteElo "1000"]
[BlackElo "1000"]
[BlackCountry "GR"]
[BlackFideId "42133041"]
[BlackTeam "Heraklion Women"]
[WhiteCountry "GR"]
[WhiteFideId "25883763"]
[WhiteTeam "Kallithea - Athens"]

1. e4 e5 2. Nc3 Nf6 3. Nf3 Nc6 4. Bc4 h6 5. O-O a6 6. d3 b5 7. Bd5 Bb7 8. 
Be3 d6 9. Qd2 Qc8 10. h3 Ne7 11. Bxb7 Qxb7 12. Rad1 Ng6 13. b3 b4 14. Ne2 
d5 15. exd5 Nxd5 16. c4 Nxe3 17. Qxe3 f6 18. Rfe1 Qc6 19. d4 O-O-O 20. d5 
Qc5 21. Qxc5 Bxc5 22. Nd2 Rhe8 23. Ne4 Ba7 24. c5 Nf4 25. Nxf4 exf4 26. 
Nd6+ cxd6 27. Rxe8 Rxe8 28. cxd6 Rd8 29. Rc1+ Kb8 30. Rc6 Bd4 31. Kf1 Be5 
32. Kg1 Bxd6 33. Rb6+ Kc7 34. Rxa6 Kb7 35. Rc6 Be5 36. Rc1 Rc8 37. Rd1 Rd8
38. Rc1 Rd6 39. Rd1 Kb6 40. Rd2 Kc5 41. Rd1 Rxd5 42. Rxd5+ Kxd5 43. a4 
bxa3 44. Kf1 a2 45. Ke2 a1=Q 46. Kf3 Qc3+ 47. Kg4 Qd3 48. f3 Qg6+ 49. Kh4 
Qg5# 0-1

[Event "European Cities & Towns Chess Championship - Women"]
[Site "Central Europe"]
[Date "2023.01.29"]
[Round "3.1.1"]
[White "Cvitan, Ena"]
[Black "Cramling, Pia"]
[Result "1-0"]
[WhiteElo "2301"]
[BlackElo "2458"]
[BlackCountry "SE"]
[BlackFideId "1700030"]
[BlackTeam "Stockholm 2 - Sweden"]
[BlackTitle "GM"]
[Termination "time forfeit"]
[WhiteCountry "HR"]
[WhiteFideId "14534215"]
[WhiteTeam "Rijeka"]
[WhiteTitle "FM"]

1. d4 Nf6 2. c4 e6 3. Nc3 Bb4 4. e3 O-O 5. Bd3 c5 6. Ne2 d5 7. cxd5 cxd4 
8. exd4 Nxd5 9. O-O Nc6 10. a3 Bd6 11. Ne4 Be7 12. Bc2 b6 13. Qd3 g6 14. 
Bh6 Re8 15. Bb3 Bb7 16. Rad1 Rc8 17. Bxd5 Qxd5 18. Nf4 Qf5 19. Qe2 Rcd8 
20. d5 exd5 21. Rxd5 Qc8 22. Re1 Qb8 23. Nf6+ Bxf6 24. Rxd8 Rxd8 25. Nd5 
Bh8 26. Bf4 Qc8 27. Bh6 Qd7 28. b4 b5 29. a4 a6 30. axb5 axb5 31. Qxb5 Bd4
32. Qe2 1-0

[Event "European Cities & Towns Chess Championship - Women"]
[Site "Central Europe"]
[Date "2023.01.29"]
[Round "3.1.2"]
[White "Tetenkina, Irina"]
[Black "Vujnovic, Patricija"]
[Result "0-1"]
[WhiteElo "2213"]
[BlackElo "2130"]
[BlackCountry "HR"]
[BlackFideId "14502313"]
[BlackTeam "Rijeka"]
[BlackTitle "WFM"]
[Termination "time forfeit"]
[WhiteCountry "SE"]
[WhiteFideId "13500996"]
[WhiteTeam "Stockholm 2 - Sweden"]
[WhiteTitle "WIM"]

1. Nf3 Nf6 2. g3 e6 3. Bg2 d5 4. c4 Be7 5. O-O O-O 6. b3 b6 7. cxd5 exd5 
8. Bb2 Bb7 9. d4 Nbd7 10. Nbd2 Re8 11. Rc1 Bd6 12. e3 Qe7 13. Qc2 g6 14. 
Ne5 Ba6 15. Rfe1 Bb7 16. Ndf3 Ne4 17. Nc6 Qe6 18. a3 a5 19. Nfe5 f6 20. 
Nxd7 Qxd7 21. f3 Nxg3 22. hxg3 Bxg3 23. Re2 Ba6 24. e4 Bxe2 25. Qxe2 Bf4 
26. Rc2 h5 27. Qb5 h4 28. Bh1 Qh3 29. Qxd5+ Kg7 30. e5 Be3+ 31. Rf2 Qg3+ 
0-1

[Event "European Cities & Towns Chess Championship - Women"]
[Site "Central Europe"]
[Date "2023.01.29"]
[Round "3.1.3"]
[White "Berke, Ana"]
[Black "Johansson, Viktoria"]
[Result "1-0"]
[WhiteElo "2108"]
[BlackElo "2042"]
[BlackCountry "SE"]
[BlackFideId "1701940"]
[BlackTeam "Stockholm 2 - Sweden"]
[BlackTitle "WIM"]
[WhiteCountry "HR"]
[WhiteFideId "14510359"]
[WhiteTeam "Rijeka"]
[WhiteTitle "WIM"]

1. e4 c5 2. Nf3 Nc6 3. Bb5 d6 4. d4 cxd4 5. Qxd4 Bd7 6. Bxc6 Bxc6 7. Nc3 
Nf6 8. Bg5 e5 9. Qd3 Be7 10. Bxf6 Bxf6 11. Rd1 Be7 12. O-O O-O 13. Nd5 
Bxd5 14. Qxd5 Qb6 15. b3 Rac8 16. c4 a5 17. h4 a4 18. Qd3 Ra8 19. g3 h6 
20. Ne1 axb3 21. axb3 Ra2 22. Nc2 Rfa8 23. Ne3 Bf8 24. Nd5 Qd8 25. Qc3 Re2
26. Rfe1 Raa2 27. Rxe2 Rxe2 28. Qd3 Ra2 29. Qc3 Qc8 30. Ra1 Re2 31. Re1 
Qg4 32. Rxe2 Qxe2 33. Ne3 Be7 34. Qb4 g5 35. Qxb7 Bf8 36. hxg5 hxg5 37. 
Qd7 Qb2 38. Qg4 Bg7 39. Qxg5 Qb1+ 40. Kh2 Qxe4 41. Nf5 1-0

[Event "European Cities & Towns Chess Championship - Women"]
[Site "Central Europe"]
[Date "2023.01.29"]
[Round "3.1.4"]
[White "Andric, Jelena"]
[Black "Kukic, Lora"]
[Result "1-0"]
[WhiteElo "1967"]
[BlackElo "1945"]
[BlackCountry "HR"]
[BlackFideId "14520699"]
[BlackTeam "Rijeka"]
[WhiteCountry "SE"]
[WhiteFideId "919853"]
[WhiteTeam "Stockholm 2 - Sweden"]
[WhiteTitle "WFM"]

1. c4 e5 2. g3 g6 3. Bg2 Bg7 4. Nc3 Ne7 5. e3 c6 6. d4 exd4 7. exd4 d6 8. 
Nge2 O-O 9. O-O Bg4 10. h3 Bxe2 11. Nxe2 d5 12. b3 Nf5 13. g4 Nh4 14. Bh1 
g5 15. f4 h6 16. fxg5 hxg5 17. cxd5 cxd5 18. Qd3 Nc6 19. Ba3 Re8 20. Rf2 
Qc7 21. Rd1 Rad8 22. Bc1 Qe7 23. Rdf1 Rf8 24. Qe3 Qxe3 25. Bxe3 f6 26. Nc3
Ne7 27. Rc2 Rd7 28. Bf2 Nhg6 29. Bg3 f5 30. gxf5 Nxf5 31. Bf2 Nxd4 32. Rd2
Nf3+ 33. Bxf3 Rxf3 34. Nxd5 Rdf7 35. Kg2 Nh4+ 36. Bxh4 Rxf1 37. Bxg5 R1f5 
38. Ne7+ Kh7 39. Nxf5 Rxf5 40. Be3 Ra5 41. a4 b6 42. Rd7 Kg6 43. Kg3 Be5+ 
44. Kg4 Bf6 45. Rd6 Kf7 46. h4 Ke7 47. Rd1 Re5 48. Bf4 Re2 49. h5 Rg2+ 50.
 Kf5 Bb2 51. Bg5+ Kf7 52. Rd7+ Ke8 53. Rxa7 Rf2+ 54. Kg6 Re2 55. Ra8+ Kd7 
56. h6 Re6+ 57. Kf5 Re5+ 58. Kg4 Re4+ 59. Kh5 Re8 60. Rxe8 Kxe8 61. Kg6 
Kf8 62. h7 1-0

[Event "European Cities & Towns Chess Championship - Women"]
[Site "Central Europe"]
[Date "2023.01.29"]
[Round "3.2.1"]
[White "Reizniece-Ozola, Dana"]
[Black "Avramidou, Anastasia"]
[Result "1/2-1/2"]
[WhiteElo "2265"]
[BlackElo "2321"]
[BlackCountry "GR"]
[BlackFideId "4239873"]
[BlackTeam "Thessaloniki"]
[BlackTitle "FM"]
[WhiteCountry "LV"]
[WhiteFideId "11601124"]
[WhiteTeam "Kuldiga CC - Latvia"]
[WhiteTitle "WGM"]

1. c4 d6 2. Nc3 Nf6 3. g3 g6 4. Bg2 Bg7 5. Nf3 O-O 6. O-O Nc6 7. d4 a6 8. 
Re1 e5 9. h3 Bd7 10. e4 Re8 11. Be3 exd4 12. Nxd4 Ne5 13. b3 c5 14. Nde2 
Bc6 15. Qc2 Qc7 16. Rad1 Rad8 17. Nf4 b5 18. Nfd5 Bxd5 19. Nxd5 Nxd5 20. 
cxd5 c4 21. f4 Nd7 22. bxc4 bxc4 23. Rb1 c3 24. Rb3 Nc5 25. Bxc5 Qxc5+ 26.
 Kh2 Bd4 27. Rd1 Rb8 28. Rdb1 Rxb3 29. Rxb3 a5 30. Bf1 Bf6 31. Kg2 Qd4 32.
 Bd3 h5 33. Kf3 h4 34. gxh4 Qg1 35. Qf2 Qh1+ 36. Qg2 Qxg2+ 37. Kxg2 Rc8 
38. Bc2 Bxh4 39. Kf3 Bf6 40. Ke2 Rc4 41. Rb8+ Kg7 42. Rb3 Ra4 43. Bb1 Rc4 
44. Bc2 Rd4 45. Rxc3 Rxe4+ 46. Bxe4 Bxc3 47. Kf3 Bb4 48. Bd3 Bc5 49. Be4 
Bb4 50. Bd3 Bc5 51. Be4 Bb4 1/2-1/2

[Event "European Cities & Towns Chess Championship - Women"]
[Site "Central Europe"]
[Date "2023.01.29"]
[Round "3.2.2"]
[White "Grapsa, Georgia"]
[Black "Krumina, Linda"]
[Result "0-1"]
[WhiteElo "1989"]
[BlackElo "2073"]
[BlackCountry "LV"]
[BlackFideId "11601701"]
[BlackTeam "Kuldiga CC - Latvia"]
[BlackTitle "WFM"]
[WhiteCountry "GR"]
[WhiteFideId "4206436"]
[WhiteTeam "Thessaloniki"]
[WhiteTitle "WFM"]

1. d4 Nf6 2. c4 e6 3. g3 d5 4. Nf3 a6 5. Qc2 dxc4 6. a4 c6 7. Qxc4 b5 8. 
Qc2 Bb7 9. Bg2 Be7 10. O-O O-O 11. Nbd2 Nbd7 12. e4 Nb6 13. a5 Nbd7 14. e5
Nd5 15. Ne4 Qc7 16. Neg5 g6 17. h4 c5 18. h5 cxd4 19. Qd2 Nxe5 20. Nxh7 
Kxh7 21. Qh6+ Kg8 22. hxg6 Nxg6 23. Ng5 Bxg5 24. Bxg5 Qe5 25. Rfe1 Qg7 26.
 Qh5 Rfe8 27. Be4 f5 28. Bg2 Rac8 29. Rac1 d3 30. Rcd1 Ne5 31. Bh6 Qh8 32.
 f4 Nf6 33. Qg5+ Kf7 34. fxe5 Bxg2 35. Kxg2 Rc2+ 36. Kg1 Ng4 37. Qh5+ Ke7 
38. Bg5+ Kd7 39. Rxd3+ Kc6 40. Qxh8 Rxh8 41. Bh4 Kc5 42. Rd6 Re8 43. Rxa6 
Rxb2 44. Rc1+ Kb4 45. Ra7 Ka4 46. a6 b4 47. Rb7 Ra8 48. a7 Kb3 49. Be7 Ka2
50. Rxb4 Rxb4 51. Bxb4 Rxa7 52. Rc6 Rb7 53. Bc5 Rb1+ 54. Kg2 Rb2+ 55. Kf3 
Nxe5+ 0-1